<?xml version="1.0" encoding="UTF-8"?>
<record
    xmlns:xsi="http://www.w3.org/2001/XMLSchema-instance"
    xsi:schemaLocation="http://www.loc.gov/MARC21/slim http://www.loc.gov/standards/marcxml/schema/MARC21slim.xsd"
    xmlns="http://www.loc.gov/MARC21/slim">

  <leader>02421    a2200205   4500</leader>
  <controlfield tag="001">54895</controlfield>
  <controlfield tag="005">20260407155824.0</controlfield>
  <controlfield tag="008">260407a1969    arg                 spa d</controlfield>
  <controlfield tag="003">AR-UNSa-BCEJYS</controlfield>
  <datafield tag="040" ind1=" " ind2=" ">
    <subfield code="a">AR-UNSa-BCEJYS</subfield>
    <subfield code="b">spa</subfield>
    <subfield code="c">AR-UNSa-BCEJYS</subfield>
  </datafield>
  <datafield tag="080" ind1=" " ind2=" ">
    <subfield code="a">316</subfield>
    <subfield code="x">Sociolog&#xED;a</subfield>
  </datafield>
  <datafield tag="245" ind1="1" ind2="0">
    <subfield code="a">Historia y elementos de la sociolog&#xED;a del conocimiento</subfield>
    <subfield code="p">Tomo II: Conocimiento y contexto de las ideas sociales</subfield>
  </datafield>
  <datafield tag="250" ind1=" " ind2=" ">
    <subfield code="a">2a. ed.</subfield>
  </datafield>
  <datafield tag="264" ind1=" " ind2="1">
    <subfield code="a">Buenos Aires :</subfield>
    <subfield code="b">EUDEBA (Editorial Universitaria de Buenos Aires)</subfield>
    <subfield code="c">1969</subfield>
  </datafield>
  <datafield tag="300" ind1=" " ind2=" ">
    <subfield code="a">339 p.</subfield>
    <subfield code="c">23 cm.</subfield>
  </datafield>
  <datafield tag="505" ind1=" " ind2=" ">
    <subfield code="a">TOMO II - Primera parte: Ideolog&#xED;a: Contenido y contexto - I. La ideolog&#xED;a bonapartista - II. "Weltanschauung",ciencia y econom&#xED;a - III. La funci&#xF3;n del mito en la vida social del hombre - IV. La ideolog&#xED;a como medio de control social - V. Ideolog&#xED;a y alienaci&#xF3;n - VI. Una medida de la alienaci&#xF3;n - VII. &#xBF;El fin de la ideolog&#xED;a? - Segunda parte: La transici&#xF3;n de la ideolog&#xED;a a la utop&#xED;a - VIII. Formalizaci&#xF3;n de la teor&#xED;a general de la ideolog&#xED;a y la utop&#xED;a - IX. La institucionalizaci&#xF3;n de las ideolog&#xED;as - X. Caracteres generales de las utop&#xED;as sociales - XI. La b&#xFA;squeda de utop&#xED;a - XII. Autonom&#xED;a y utop&#xED;a - XIII. Utop&#xED;a,libertad y orden - Tercera parte: Conciencia,comunicaci&#xF3;n y cultura - XIV. Continuidad y discontinuidad del condicionamiento cultural - XV. La invasi&#xF3;n marciana: La falsa conciencia en acci&#xF3;n - XVI. Los medios de difusi&#xF3;n y las masas - XVII. Aprendizaje y olvido de material ideol&#xF3;gico - XVIII. Las clases populares y las actitudes autoritarias - XIX. Las funciones de una ideolog&#xED;a racial - Cuarta parte: Normas sociales y valores humanos - XX. Doctrina de la relaci&#xF3;n b&#xE1;sica entre el hecho cient&#xED;fico y el natural - XXI. Teor&#xED;a social y problemas sociales - XXII. El naturalismo y el an&#xE1;lisis sociol&#xF3;gico del conocimiento - XXIII. Sociolog&#xED;a del conocimiento y filosof&#xED;a del conocimiento - XXIV. Lo singular y lo general: hacia una filosof&#xED;a de la sociolog&#xED;a - Quinta parte: Acci&#xF3;n social y comprensi&#xF3;n humana - XXV. El efecto de las formas sociales sobre la ciencia social - XXVI. Problemas relativos a la obtenci&#xF3;n y evaluaci&#xF3;n de los datos sociales - XXVII. M&#xE1;s all&#xE1; de la utop&#xED;a:hacia una nueva orientaci&#xF3;n del an&#xE1;lisis sociol&#xF3;gico - XXVIII. El car&#xE1;cter del pensamiento occidental</subfield>
  </datafield>
  <datafield tag="942" ind1=" " ind2=" ">
    <subfield code="c">BK</subfield>
  </datafield>
  <datafield tag="590" ind1=" " ind2=" ">
    <subfield code="a">niveau_biblio:m niveau_hierar:0</subfield>
  </datafield>
  <datafield tag="100" ind1="1" ind2=" ">
    <subfield code="a">Horowitz, Irving Louis</subfield>
  </datafield>
  <datafield tag="999" ind1=" " ind2=" ">
    <subfield code="c">5821</subfield>
    <subfield code="d">5821</subfield>
  </datafield>
  <datafield tag="952" ind1=" " ind2=" ">
    <subfield code="0">0</subfield>
    <subfield code="1">0</subfield>
    <subfield code="4">0</subfield>
    <subfield code="7">0</subfield>
    <subfield code="a">BCEJYS</subfield>
    <subfield code="b">BCEJYS</subfield>
    <subfield code="c">16</subfield>
    <subfield code="d">2026-04-07</subfield>
    <subfield code="l">0</subfield>
    <subfield code="o">316 H811 v.2 2ed.</subfield>
    <subfield code="p">L25188</subfield>
    <subfield code="r">2026-04-07 15:58:24</subfield>
    <subfield code="w">2026-04-07</subfield>
    <subfield code="y">L</subfield>
  </datafield>
  <datafield tag="952" ind1=" " ind2=" ">
    <subfield code="0">0</subfield>
    <subfield code="1">0</subfield>
    <subfield code="4">0</subfield>
    <subfield code="7">0</subfield>
    <subfield code="a">BCEJYS</subfield>
    <subfield code="b">BCEJYS</subfield>
    <subfield code="c">16</subfield>
    <subfield code="d">2026-04-07</subfield>
    <subfield code="l">0</subfield>
    <subfield code="o">316 H811 v.2 2ed.</subfield>
    <subfield code="p">L25189</subfield>
    <subfield code="r">2026-04-07 15:58:24</subfield>
    <subfield code="w">2026-04-07</subfield>
    <subfield code="y">L</subfield>
  </datafield>
</record>
